Konvensyen Hasil R, D & C MOSTI RMKe-9.
| Corporate Author: | |
|---|---|
| Format: | Book |
| Published: |
Putrajaya:
MOSTI,
2012.
|
| Subjects: |
| LEADER | 00515cam a2200157 7i4500 | ||
|---|---|---|---|
| 001 | 0000030211 | ||
| 005 | 20130924090000.0 | ||
| 090 | 0 | 0 | |a M 607.2 |b KEM |
| 110 | 2 | 0 | |a Kementerian Sains, Teknologi dan Inovasi (MOSTI) |
| 245 | 1 | 0 | |a Konvensyen Hasil R, D & C MOSTI RMKe-9. |
| 260 | 0 | 0 | |a Putrajaya: |b MOSTI, |c 2012. |
| 300 | # | # | |a 296 p. |
| 650 | 0 | 0 | |a Research and development -- |z Malaysia |
| 650 | 0 | 0 | |a Innovation -- |z Malaysia |
| 650 | 0 | 0 | |a Commercialization -- |z Malaysia |
| 999 | |a 0000032876 |b Book |c Malaysia |e Business Information Centre | ||